000 00586nam a2200229Ia 4500
003 OSt
005 20221005132401.0
006 a|||||r|||| 00| 0
007 ta
008 221004b |||||||| |||| 00| 0 eng d
024 _a64406
037 _cTextual
040 _aCRL
_cCRL
_beng
041 _2eng
_aeng
082 _aV595:1:N5, K12
100 _aGieysztor Aleksander etc.
245 0 _aThosand years of Polish history
260 _c1961
650 _aHISTORY
942 _hV595:1:N5, K12
_cTEXL
_2cc
999 _c1063462
_d1063462